| 000 | 00435nam a22001577a 4500 | ||
|---|---|---|---|
| 008 | 230627b |||||||| |||| 00| 0 eng d | ||
| 020 | _a81-7621-072-2 | ||
| 040 |
_aNational Science Library _cNational Science Library |
||
| 080 |
_a179.8 _bP0 |
||
| 100 |
_aLama, Dalai _912377 |
||
| 245 | _aक्रोधौपचार | ||
| 246 | _aKrodhoupchar | ||
| 260 |
_aDelhi: _bFull Circle, _c2002 |
||
| 300 | _a184p. | ||
| 942 |
_2udc _cHBK |
||
| 999 |
_c47722 _d47722 |
||